Kísérlet a párnás táncdal szövegének értelmezésére

Elmentve itt :
Bibliográfiai részletek
Szerző: Ordasi Péter
Dokumentumtípus: Könyv része
Megjelent: 2002
Sorozat:A Juhász Gyula Pedagógusképző Kar Ének-Zene Tanszékének kiadványai
Bartók - Verdi : tanulmánykötet : az SZTE JGYTFK Ének-zene Tanszékén 2001. november 8-án elhangzott előadások szerkesztett változata
Nemzetközi Zenei Konferencia
Kulcsszavak:Bartók Béla, Zene - magyar - 20. sz.
Online Access:http://acta.bibl.u-szeged.hu/65856
LEADER 00897naa a2200205 i 4500
001 acta65856
005 20260312133208.0
008 200204s2002 hu o 100 hun d
020 |a 963 482 590 7 
040 |a SZTE Egyetemi Kiadványok Repozitórium  |b hun 
041 |a hun 
100 1 |a Ordasi Péter 
245 1 0 |a Kísérlet a párnás táncdal szövegének értelmezésére  |h [elektronikus dokumentum] /  |c  Ordasi Péter 
260 |c 2002 
300 |a 26-34 
490 0 |a A Juhász Gyula Pedagógusképző Kar Ének-Zene Tanszékének kiadványai 
490 0 |a Bartók - Verdi : tanulmánykötet : az SZTE JGYTFK Ének-zene Tanszékén 2001. november 8-án elhangzott előadások szerkesztett változata 
490 0 |a Nemzetközi Zenei Konferencia 
695 |a Bartók Béla, Zene - magyar - 20. sz. 
856 4 0 |u http://acta.bibl.u-szeged.hu/65856/1/enek_zene_tanszek_2002_026-034.pdf  |z Dokumentum-elérés